Sports Quiz

Random Sports or MLB Quiz

Mlb players Quiz Stats

Quiz not verified by Sporcle

Challenge
Share
Tweet
Embed
Score 0/10 Timer 01:30
0 Plays Today
Hint Answer % Correct
angels starmike trout
100%
giants catcherbuster posey
100%
dodgers aceClayton Kershaw
94.7%
nationals young starbryce harper
89.5%
threw 106 mpharoldis chapman
84.2%
retired in 2014 from yankeesderek jeter
84.2%
dodgers pitcher (big beard)brian wilson
78.9%
took drugs suspended last yearalex rodriguez
78.9%
fastest player in mlbbilly hamilton
73.7%
reds acejohnny cueto
68.4%

You're not logged in!

Compare scores with friends on all Sporcle quizzes.
Join for Free
OR
Log In

You Might Also Like...

Show Comments

Extras

Top Quizzes Today


Score Distribution

Your Account Isn't Verified!

In order to create a playlist on Sporcle, you need to verify the email address you used during registration. Go to your Sporcle Settings to finish the process.

Report this User

Report this user for behavior that violates our Community Guidelines.

Details: